Statistics for Countries in the Eurovision Song Contest 2018

Click here to take the quiz!

General Stats

  • This quiz has been taken 85 times
  • The average score is 42 of 43

Answer Stats

% Correct
FinalPortugal
100%
Semi-final 1Cyprus
100%
Semi-final 1Finland
100%
FinalUnited Kingdom
100%
FinalGermany
100%
FinalFrance
100%
FinalSpain
100%
Semi-final 2Sweden
99%
Semi-final 2Slovenia
99%
Semi-final 2Serbia
99%
Semi-final 1Belarus
99%
Semi-final 1Estonia
99%
Semi-final 1Albania
99%
Semi-final 2Norway
99%
Semi-final 2Netherlands
97%
Semi-final 2Romania
97%
Semi-final 2Ukraine
97%
Semi-final 2Russia
97%
Semi-final 2Malta
97%
Semi-final 2Montenegro
97%
Semi-final 1Ireland
97%
FinalItaly
97%
Semi-final 1Austria
97%
Semi-final 1Belgium
97%
Semi-final 1Lithuania
97%
Semi-final 1Croatia
97%
Semi-final 2Latvia
97%
Semi-final 1Armenia
96%
Semi-final 1Azerbaijan
96%
Semi-final 2San Marino
96%
Semi-final 1Greece
96%
Semi-final 1Bulgaria
96%
Semi-final 2Hungary
96%
Semi-final 2Australia
95%
Semi-final 1Iceland
95%
Semi-final 1Czech Republic
95%
Semi-final 1Israel
95%
Semi-final 1Switzerland
95%
Semi-final 2Denmark
95%
Semi-final 2Poland
95%
Semi-final 2Moldova
93%
Semi-final 1Macedonia
93%
Semi-final 2Georgia
92%

Score Distribution

Percentile by Number Answered

Percent of People with Each Score

Your Score History

You have not taken this quiz